000 01440cam a2200145 4500500
005 20260322000644.0
041 _afre
042 _adc
100 1 0 _aDottin-Orsini, Mireille
_eauthor
700 1 0 _aGrojnowski, Daniel
_eauthor
245 0 0 _aL'imaginaire de la prostitution : De la Bohème à la Belle Époque
260 _bHermann,
_c2017.
520 _aComment percevons-nous la prostitution et quelles représentations en donnons-nous ? De la miséreuse qui arpente les trottoirs à la courtisane qui court les salons, celles qu’on appelle « filles de joie » ou « femmes de mauvaise vie » empruntent des visages multiples et contrastés. La figure moderne de la prostituée s’est constituée dans la seconde moitié du xixe siècle, au fil de récits ou d’œuvres d’art qui mettent en scène des femmes soumises à la marchandisation de leur corps et au silence. Convoquant différents savoirs et sources culturelles (médecine, littérature, journaux, rapports de police, beaux-arts, chansons et opéras), cet ouvrage fournit une documentation essentielle sur l’exercice d’une violence ordinaire et la domination d’un sexe par l’autre. Il met ainsi en lumière tout un imaginaire que l’on retrouve encore aujourd’hui à l’œuvre dans les débats sur la prostitution.
856 4 1 _uhttps://shs.cairn.info/l-imaginaire-de-la-prostitution--9782705694586?lang=fr&redirect-ssocas=7080
999 _c1708173
_d1708173